|
|
|
|
| LEADER |
00710naa a2200193 i 4500 |
| 001 |
acta66050 |
| 005 |
20260224081030.0 |
| 008 |
200414s2001 hu o 000 hun d |
| 020 |
|
|
|a 963 00 7639 X
|
| 040 |
|
|
|a SZTE Egyetemi Kiadványok Repozitórium
|b hun
|
| 041 |
|
|
|a hun
|
| 100 |
1 |
|
|a Lele József
|
| 245 |
1 |
2 |
|a A vazallusok szövetsége a tizenöt éves háborúban
|h [elektronikus dokumentum] /
|c Lele József
|
| 260 |
|
|
|c 2001
|
| 300 |
|
|
|a 123-130
|
| 490 |
0 |
|
|a Professoribus salutem : találkozások neves történészekkel
|
| 695 |
|
|
|a Hadtörténet - Magyarország - 1593-1606
|
| 700 |
0 |
1 |
|a Báthori Zsigmond
|
| 856 |
4 |
0 |
|u http://acta.bibl.u-szeged.hu/66050/1/professoribus_salutem_123-130.pdf
|z Dokumentum-elérés
|